[Event "España 1a División 2014"]
[Site "Linares ESP"]
[Date "2014.09.07"]
[Round "5.2"]
[White "Cao Armillas, Jesus"]
[Black "Manzano Orta, Jose Maria"]
[Result "0-1"]
[WhiteElo "2158"]
[BlackElo "2198"]
[PlyCount "92"]
[EventDate "2014.09.04"]
[EventType "team-tourn"]
[EventRounds "9"]
[EventCountry "ESP"]
[Source "lmi"]
[SourceDate "2014.09.04"]
[WhiteTeam "C.A. COLLADO VILLALBA"]
[BlackTeam "OROMANA - SCHNEIDER ELECTRIC"]

1. d4 g6 2. e4 Bg7 3. Nf3 d6 4. Bc4 Nf6 5. Qe2 O-O 6. h3 d5 7. exd5 Nxd5 8. O-O
Nc6 9. c3 a6 10. Bg5 Be6 11. Nbd2 h6 12. Be3 Nxe3 13. Qxe3 Bxc4 14. Nxc4 Qd5
15. Nce5 Nxe5 16. Nxe5 c5 17. Rfd1 cxd4 18. cxd4 e6 19. b3 Rac8 20. Rac1 Rfd8
21. Rxc8 Rxc8 22. Rd2 Rd8 23. Nf3 Rc8 24. Qf4 g5 25. Qe3 Qf5 26. Rb2 b5 27. Qe2
Rc1+ 28. Kh2 Bxd4 29. Nxd4 Qf4+ 30. g3 Qxd4 31. Rc2 Rxc2 32. Qxc2 Kg7 33. Kg1
b4 34. Qe2 a5 35. Qc2 Qc3 36. Qe2 Kf6 37. Kg2 Qe5 38. Qc2 Kg7 39. Qd2 Qd5+ 40.
Qxd5 exd5 41. Kf3 Kf6 42. Ke3 Ke5 43. f3 h5 44. Kd3 f6 45. Ke3 d4+ 46. Kd3 h4
0-1

[Event "España 1a División 2014"]
[Site "Linares ESP"]
[Date "2014.09.07"]
[Round "6.1"]
[White "Anton Guijarro, David"]
[Black "Garcia Castro, Pablo"]
[Result "1/2-1/2"]
[WhiteElo "2609"]
[BlackElo "2386"]
[PlyCount "68"]
[EventDate "2014.09.04"]
[EventType "team-tourn"]
[EventRounds "9"]
[EventCountry "ESP"]
[Source "lmi"]
[SourceDate "2014.09.04"]
[WhiteTeam "VTI ATOCHA"]
[BlackTeam "C.A. UNIVERSIDAD DE VIGO"]

1. d4 Nf6 2. Nf3 d6 3. c4 g6 4. Nc3 Bf5 5. Ng5 Bd7 6. e4 e5 7. d5 c5 8. Be2 h6
9. Nf3 Bg7 10. O-O O-O 11. Ne1 Na6 12. a3 Nc7 13. b4 b6 14. Be3 Nfe8 15. Qd2
Kh7 16. Nd3 Qe7 17. Rae1 g5 18. Rb1 Na6 19. Bd1 Nf6 20. f3 Rac8 21. bxc5 dxc5
22. h4 Ne8 23. hxg5 Nd6 24. Nb2 hxg5 25. Bxg5 f6 26. Be3 Rh8 27. f4 f5 28. Bc2
Kg8 29. Rf3 exf4 30. Rxf4 Qe5 31. Nb5 Bxb5 32. cxb5 c4 33. Nd1 Nc5 34. Nf2
Ncxe4 1/2-1/2

[Event "España 1a División 2014"]
[Site "Linares ESP"]
[Date "2014.09.07"]
[Round "6.1"]
[White "Guerra Bastida, Diego"]
[Black "Almagro Llamas, Pablo"]
[Result "1/2-1/2"]
[WhiteElo "2344"]
[BlackElo "2491"]
[PlyCount "140"]
[EventDate "2014.09.04"]
[EventType "team-tourn"]
[EventRounds "9"]
[EventCountry "ESP"]
[Source "lmi"]
[SourceDate "2014.09.04"]
[WhiteTeam "C.A. UNIVERSIDAD DE VIGO"]
[BlackTeam "VTI ATOCHA"]

1. e4 c5 2. Nf3 d6 3. d4 cxd4 4. Nxd4 Nf6 5. Nc3 a6 6. Be2 e6 7. O-O Be7 8. a4
O-O 9. Be3 Qc7 10. f4 Nc6 11. Kh1 Na5 12. Bd3 b6 13. Qe2 Bb7 14. Bg1 Rfe8 15.
e5 Nd7 16. f5 Nxe5 17. fxe6 Bf6 18. Ne4 fxe6 19. Nxf6+ gxf6 20. Rxf6 Kh8 21.
Be4 Rg8 22. Bxb7 Qxb7 23. Raf1 Rae8 24. Rxe6 Rxe6 25. Nxe6 Qd7 26. Nd4 Qxa4 27.
Nf5 Qd7 28. Bxb6 Nac6 29. Bg1 a5 30. Nd4 Qg4 31. Qxg4 Rxg4 32. Nxc6 Nxc6 33.
Rd1 Rg6 34. h3 Ne7 35. Bd4+ Kg8 36. Bc3 Nc6 37. Rd5 a4 38. Rb5 Re6 39. Rb7 h6
40. Rc7 d5 41. Rd7 Re2 42. Rxd5 Rxc2 43. Rc5 Ne7 44. Ra5 Rc1+ 45. Kh2 Ra1 46.
Ra8+ Kf7 47. Bb4 Nf5 48. Ba3 h5 49. g4 hxg4 50. hxg4 Nd4 51. Rxa4 Rd1 52. Kg3
Rd3+ 53. Kf4 Ne6+ 54. Ke4 Rb3 55. Kd5 Rd3+ 56. Kc4 Rd4+ 57. Kb3 Rd3+ 58. Ka2
Rg3 59. Re4 Ng5 60. Rf4+ Ke6 61. b4 Nh3 62. Rd4 Nf2 63. b5 Rxg4 64. Rd6+ Ke5
65. b6 Rg8 66. b7 Rb8 67. Rd7 Ne4 68. Kb3 Ke6 69. Rh7 Kd5 70. Bb4 Nc5+ 1/2-1/2

[Event "España 1a División 2014"]
[Site "Linares ESP"]
[Date "2014.09.07"]
[Round "6.1"]
[White "Rubio Mejia, Luis Ignacio"]
[Black "Senlle Caride, Miguel"]
[Result "1-0"]
[WhiteElo "2470"]
[BlackElo "2324"]
[PlyCount "50"]
[EventDate "2014.09.04"]
[EventType "team-tourn"]
[EventRounds "9"]
[EventCountry "ESP"]
[Source "lmi"]
[SourceDate "2014.09.04"]
[WhiteTeam "VTI ATOCHA"]
[BlackTeam "C.A. UNIVERSIDAD DE VIGO"]

1. d4 d5 2. c4 c6 3. Nf3 Nf6 4. e3 e6 5. b3 Nbd7 6. Nbd2 Bd6 7. Bb2 O-O 8. Bd3
Qe7 9. Ne5 Ba3 10. Bxa3 Qxa3 11. O-O Nxe5 12. dxe5 Nd7 13. f4 Nc5 14. Bc2 Qb4
15. Qe2 dxc4 16. Nxc4 b6 17. a3 Qb5 18. Qh5 h6 19. Nd6 Qa6 20. b4 Nd7 21. Be4
b5 22. Rf3 Qb6 23. Rg3 a5 24. Qd1 Nb8 25. Nxb5 Qd8 1-0

[Event "España 1a División 2014"]
[Site "Linares ESP"]
[Date "2014.09.07"]
[Round "6.1"]
[White "Rodriguez Lopez, Rafael"]
[Black "Larino Nieto, David"]
[Result "1/2-1/2"]
[WhiteElo "2259"]
[BlackElo "2445"]
[PlyCount "166"]
[EventDate "2014.09.04"]
[EventType "team-tourn"]
[EventRounds "9"]
[EventCountry "ESP"]
[Source "lmi"]
[SourceDate "2014.09.04"]
[WhiteTeam "C.A. UNIVERSIDAD DE VIGO"]
[BlackTeam "VTI ATOCHA"]

1. e4 c6 2. Nc3 d5 3. Nf3 dxe4 4. Nxe4 Nf6 5. Nxf6+ exf6 6. Bc4 Qe7+ 7. Qe2 Bg4
8. O-O Qxe2 9. Bxe2 Nd7 10. Nd4 Bxe2 11. Nxe2 O-O-O 12. d4 Bd6 13. Re1 Nf8 14.
c3 Ne6 15. Be3 Bb8 16. f3 a6 17. Bf2 f5 18. Bg3 f4 19. Bf2 Rd7 20. Nc1 b6 21.
Nb3 Kb7 22. a4 Ba7 23. a5 b5 24. Kf1 Rd5 25. Re2 Rhd8 26. Rae1 Rh5 27. h3 Rhd5
28. Re5 R8d7 29. Rxd5 Rxd5 30. Re2 Kc8 31. Rd2 Kd7 32. Be1 Nc7 33. Ke2 Rg5 34.
Kf1 Nd5 35. Bf2 Rg6 36. Nc1 Bb8 37. Nd3 Bd6 38. Re2 Rg5 39. Bg1 Rf5 40. Ke1 Nc7
41. b4 Nd5 42. Kd2 Rf6 43. Re4 g5 44. Nc5+ Bxc5 45. dxc5 Rg6 46. Bd4 f6 47. Kd3
h5 48. Re1 Rg8 49. Re2 Re8 50. Rxe8 Kxe8 51. Bf2 Kd7 52. Be1 Ke6 53. Bd2 Ne7
54. Ke4 Nd5 55. Kd4 f5 56. Bc1 Kf6 57. Bd2 Nc7 58. c4 bxc4 59. Kxc4 Nd5 60. Kd4
Ke6 61. Kd3 Ne7 62. Kd4 Ng6 63. Be1 g4 64. fxg4 hxg4 65. hxg4 fxg4 66. Ke4 Ne5
67. Bc3 f3 68. gxf3 Nxf3 69. Kf4 Kd5 70. Kxg4 Ne5+ 71. Kf5 Nd3 72. Bd2 Nf2 73.
Be1 Ne4 74. Kf4 Kd4 75. Kf5 Kd5 76. Kf4 Nf6 77. Kf5 Ne8 78. Bd2 Nc7 79. Kf6 Kc4
80. Ke7 Kb5 81. Kd7 Nd5 82. Be1 Nf6+ 83. Kc7 Nd5+ 1/2-1/2

[Event "España 1a División 2014"]
[Site "Linares ESP"]
[Date "2014.09.07"]
[Round "6.2"]
[White "Granda Zuniga, Julio E"]
[Black "Valmana Canto, Jaime"]
[Result "1/2-1/2"]
[WhiteElo "2675"]
[BlackElo "2353"]
[PlyCount "131"]
[EventDate "2014.09.04"]
[EventType "team-tourn"]
[EventRounds "9"]
[EventCountry "ESP"]
[Source "lmi"]
[SourceDate "2014.09.04"]
[WhiteTeam "C.A. COLLADO VILLALBA"]
[BlackTeam "C.A. EVA-MANISES"]

1. c4 Nf6 2. Nc3 e6 3. d4 Bb4 4. e3 O-O 5. Nge2 d5 6. a3 Be7 7. Nf4 a5 8. b3 c6
9. Bb2 Re8 10. Be2 Nbd7 11. O-O dxc4 12. bxc4 e5 13. dxe5 Nxe5 14. Na4 Ng6 15.
Nxg6 hxg6 16. Qd4 Bf5 17. c5 Bf8 18. Nb6 Ra7 19. Rac1 Qe7 20. Qf4 Qe4 21. Qg3
Qe7 22. Qf4 Qe4 23. Qc7 Qe7 24. Qxe7 Bxe7 25. Rfd1 Ne4 26. Bd4 a4 27. f3 Nf6
28. Rd2 Nd7 29. Nxd7 Bxd7 30. Bc4 Bc8 31. Rb2 Ra5 32. Rc3 Kf8 33. Ba2 Rd8 34.
Kf2 Bf6 35. Rc4 Be7 36. Rcc2 g5 37. g4 Bf6 38. Rb4 Ke8 39. Ke2 Kf8 40. Rc3 Be7
41. Bb1 b5 42. Be4 Bd7 43. Be5 Ra7 44. Rd4 Be8 45. Kd2 Rad7 46. Rc2 f6 47. Rxd7
Bxd7 48. Bd4 Kf7 49. Kc3 Rh8 50. Rd2 Bd8 51. Kb4 Ke7 52. Rf2 Bc7 53. Bb2 Bxh2
54. Ka5 Bc7+ 55. Ka6 Rb8 56. Bc3 Kd8 57. Rd2 Kc8 58. Ka7 Rb7+ 59. Ka8 Rb8+ 60.
Ka7 Rb7+ 61. Ka8 Bb8 62. Rxd7 Rxd7 63. Bf5 Be5 64. Bb4 g6 65. Bxd7+ Kxd7 66. e4
1/2-1/2

[Event "España 1a División 2014"]
[Site "Linares ESP"]
[Date "2014.09.07"]
[Round "6.2"]
[White "Montoliu Cervero, Francisco"]
[Black "Vazquez Igarza, Renier"]
[Result "0-1"]
[WhiteElo "2286"]
[BlackElo "2603"]
[PlyCount "93"]
[EventDate "2014.09.04"]
[EventType "team-tourn"]
[EventRounds "9"]
[EventCountry "ESP"]
[Source "lmi"]
[SourceDate "2014.09.04"]
[WhiteTeam "C.A. EVA-MANISES"]
[BlackTeam "C.A. COLLADO VILLALBA"]

1. e4 e5 2. Nf3 Nf6 3. d4 Nxe4 4. dxe5 d5 5. Nbd2 Nc5 6. Nb3 Ne6 7. c4 dxc4 8.
Qxd8+ Nxd8 9. Bxc4 Be6 10. Bxe6 Nxe6 11. Nfd4 Nxd4 12. Nxd4 Bc5 13. Nf3 Nc6 14.
O-O O-O-O 15. Bg5 Rd5 16. Rad1 Rxd1 17. Rxd1 h6 18. Bd2 Rd8 19. Kf1 Rd5 20. Re1
Kd7 21. Bc3 Ke6 22. Re4 a5 23. Ke2 b5 24. b3 Kf5 25. Rh4 Be7 26. Nd4+ Nxd4+ 27.
Rxd4 Rxd4 28. Bxd4 Ke4 29. Bc3 a4 30. b4 g6 31. f3+ Kd5 32. Kd3 h5 33. g3 h4
34. gxh4 Bxh4 35. f4 c6 36. Bd2 Bf2 37. Bc3 Bh4 38. Bd2 Be7 39. Bc3 c5 40. bxc5
Bxc5 41. h4 Bf8 42. Bd2 Be7 43. Be1 b4 44. Bd2 b3 45. axb3 axb3 46. f5 gxf5 47.
h5 0-1

[Event "España 1a División 2014"]
[Site "Linares ESP"]
[Date "2014.09.07"]
[Round "6.2"]
[White "Arribas Lopez, Angel"]
[Black "Silva Rodriguez, Julio"]
[Result "1-0"]
[WhiteElo "2503"]
[BlackElo "2255"]
[PlyCount "105"]
[EventDate "2014.09.04"]
[EventType "team-tourn"]
[EventRounds "9"]
[EventCountry "ESP"]
[Source "lmi"]
[SourceDate "2014.09.04"]
[WhiteTeam "C.A. COLLADO VILLALBA"]
[BlackTeam "C.A. EVA-MANISES"]

1. e4 e6 2. d4 d5 3. Bd3 c5 4. exd5 exd5 5. Nf3 Nf6 6. O-O c4 7. Re1+ Be7 8.
Bf1 O-O 9. b3 cxb3 10. axb3 Nc6 11. Ne5 Be6 12. c3 Qb6 13. Be3 Rfc8 14. Bd3 Qd8
15. Nd2 Nxe5 16. dxe5 Ng4 17. Bd4 Bc5 18. h3 Nh6 19. g4 Qb6 20. Nf3 Bxd4 21.
Nxd4 Rxc3 22. g5 g6 23. Nxe6 Qxe6 24. gxh6 Qxh3 25. Bf1 Qxh6 26. Qxd5 Qg5+ 27.
Bg2 Rc7 28. b4 Rd8 29. Qe4 b6 30. e6 fxe6 31. Qxe6+ Kg7 32. Re3 Rd2 33. Rf3 Rd4
34. Qe8 Rf4 35. Qe3 Rg4 36. Qxg5 Rxg5 37. Rfa3 Rc4 38. Rxa7+ Kf6 39. R1a6 Rxb4
40. Rxh7 Rb1+ 41. Kh2 Rb2 42. Ra8 Rf5 43. Rf8+ Kg5 44. Rxf5+ gxf5 45. Kg1 Rb1+
46. Bf1 b5 47. Kg2 b4 48. Rb7 Kf4 49. Rb5 Ke4 50. f3+ Kf4 51. Rxf5+ Ke3 52. Rb5
b3 53. Bc4 1-0

[Event "España 1a División 2014"]
[Site "Linares ESP"]
[Date "2014.09.07"]
[Round "6.2"]
[White "Silva Rodriguez, Fernando"]
[Black "Ortega Ruiz, Jose Miguel"]
[Result "0-1"]
[WhiteElo "2244"]
[BlackElo "2329"]
[PlyCount "118"]
[EventDate "2014.09.04"]
[EventType "team-tourn"]
[EventRounds "9"]
[EventCountry "ESP"]
[Source "lmi"]
[SourceDate "2014.09.04"]
[WhiteTeam "C.A. EVA-MANISES"]
[BlackTeam "C.A. COLLADO VILLALBA"]

1. d4 Nf6 2. c4 g6 3. Nc3 d5 4. Nf3 Bg7 5. e3 O-O 6. cxd5 Nxd5 7. Bc4 Nb6 8.
Bb3 Na6 9. O-O c5 10. h3 Bf5 11. Nh4 Bd7 12. Nf3 Qc7 13. Qe2 Rfd8 14. Rd1 Rac8
15. a3 e6 16. e4 cxd4 17. Nxd4 Nc5 18. Ba2 Nba4 19. Bg5 Nxc3 20. bxc3 Re8 21.
Qe3 Ba4 22. Rdc1 b6 23. Rab1 Qb7 24. f3 Qa6 25. c4 Qb7 26. Nb5 Qd7 27. e5 Nd3
28. Rd1 Bxd1 29. Rxd1 Rc5 30. Rxd3 Qc6 31. f4 a6 32. Nd6 Rb8 33. Ne4 Ra5 34.
Qd2 Qxe4 35. Rd8+ Rxd8 36. Qxd8+ Bf8 37. Bh6 Qe3+ 38. Kh2 Qc5 39. Bb1 Rxa3 40.
Be4 Qe7 41. Qb8 Rc3 42. Bd5 Rd3 43. Bg5 Qc5 44. Bb7 Rd1 45. Qa8 a5 46. Bc6 Qg1+
47. Kg3 Rd3+ 48. Bf3 Qc5 49. Kg4 Rd7 50. h4 Rc7 51. Bb7 h5+ 52. Kh3 Qxc4 53. g3
a4 54. Bd8 Rd7 55. Bxb6 Rd2 56. Bg2 Qc2 57. Be3 Rxg2 58. Qxg2 Qxg2+ 59. Kxg2
Ba3 0-1

[Event "España 1a División 2014"]
[Site "Linares ESP"]
[Date "2014.09.08"]
[Round "7.1"]
[White "Valmana Canto, Jaime"]
[Black "Adla, Diego"]
[Result "0-1"]
[WhiteElo "2353"]
[BlackElo "2469"]
[PlyCount "64"]
[EventDate "2014.09.04"]
[EventType "team-tourn"]
[EventRounds "9"]
[EventCountry "ESP"]
[Source "lmi"]
[SourceDate "2014.09.04"]
[WhiteTeam "C.A. EVA-MANISES"]
[BlackTeam "C.A. STADIUM CASABLANCA"]

1. d4 d5 2. c4 dxc4 3. Nf3 Nf6 4. e3 Bg4 5. Bxc4 e6 6. Qb3 Bxf3 7. gxf3 Nbd7 8.
Nc3 Rb8 9. a4 Be7 10. Bd2 O-O 11. f4 a6 12. a5 c5 13. d5 exd5 14. Nxd5 b5 15.
axb6 Nxb6 16. Nxb6 Rxb6 17. Qc2 Qa8 18. Rg1 Ne4 19. Ba5 Rh6 20. Bd3 Nf6 21. Bc3
Rxh2 22. Ke2 Rh3 23. Raf1 Rd8 24. Bf5 Qf3+ 25. Ke1 Rh2 26. Bd3 Kf8 27. Be2 Qd5
28. b3 g6 29. f5 Ne4 30. fxg6 Nxc3 31. gxh7 Bf6 32. Rg8+ Ke7 0-1

[Event "España 1a División 2014"]
[Site "Linares ESP"]
[Date "2014.09.08"]
[Round "7.1"]
[White "Glavina, Pablo"]
[Black "Montoliu Cervero, Francisco"]
[Result "0-1"]
[WhiteElo "2417"]
[BlackElo "2286"]
[PlyCount "127"]
[EventDate "2014.09.04"]
[EventType "team-tourn"]
[EventRounds "9"]
[EventCountry "ESP"]
[Source "lmi"]
[SourceDate "2014.09.04"]
[WhiteTeam "C.A. STADIUM CASABLANCA"]
[BlackTeam "C.A. EVA-MANISES"]

1. e4 c5 2. c3 Nf6 3. e5 Nd5 4. d4 cxd4 5. Nf3 Nc6 6. cxd4 d6 7. Bc4 Nb6 8. Bb5
dxe5 9. Nxe5 Bd7 10. Nxd7 Qxd7 11. Nc3 e6 12. O-O Be7 13. Qg4 O-O 14. Bxc6 bxc6
15. Bh6 Bf6 16. Rfd1 Qe7 17. Ne4 Rfd8 18. Rac1 Rac8 19. Rc3 Kh8 20. Rf3 Bxd4
21. Rxd4 f5 22. Bxg7+ Qxg7 23. Qxg7+ Kxg7 24. Rg3+ Kf8 25. Rxd8+ Rxd8 26. Nc3
Na4 27. h4 Nxb2 28. Ne2 Nd3 29. Re3 Kf7 30. Kf1 Kf6 31. f3 Rd7 32. g4 e5 33.
gxf5 Kxf5 34. Re4 c5 35. Rc4 Rb7 36. Rc3 Rb1+ 37. Kg2 Rd1 38. Ng3+ Ke6 39. Ne4
Kd5 40. Rxc5+ Nxc5 41. Nc3+ Kc4 42. Nxd1 Kd3 43. h5 e4 44. Nf2+ Ke3 45. Ng4+
Kf4 46. Nh2 e3 47. Kf1 Kg3 48. Ng4 Kxf3 49. Ne5+ Kf4 50. Nc4 Ne4 51. Ke1 h6 52.
a4 Nd2 53. Nd6 Nf3+ 54. Kf1 Nd4 55. Nf7 Kg4 56. Ne5+ Kxh5 57. Nc4 Nf5 58. a5 a6
59. Nb2 Kg4 60. Ke2 h5 61. Nc4 h4 62. Nxe3+ Nxe3 63. Kxe3 Kg3 64. Kd4 0-1

[Event "España 1a División 2014"]
[Site "Linares ESP"]
[Date "2014.09.08"]
[Round "7.1"]
[White "Silva Rodriguez, Fernando"]
[Black "Moreno Gracia, Daniel"]
[Result "0-1"]
[WhiteElo "2244"]
[BlackElo "2332"]
[PlyCount "72"]
[EventDate "2014.09.04"]
[EventType "team-tourn"]
[EventRounds "9"]
[EventCountry "ESP"]
[Source "lmi"]
[SourceDate "2014.09.04"]
[WhiteTeam "C.A. EVA-MANISES"]
[BlackTeam "C.A. STADIUM CASABLANCA"]

1. d4 d5 2. c4 c6 3. Nc3 Nf6 4. e3 e6 5. Nf3 Nbd7 6. Qc2 Bd6 7. Be2 dxc4 8.
Bxc4 b5 9. Be2 Bb7 10. O-O O-O 11. Rd1 Qb8 12. e4 e5 13. g3 exd4 14. Nxd4 g6
15. Bf3 Re8 16. a3 a6 17. Bg2 c5 18. Nde2 c4 19. Bf4 Bxf4 20. Nxf4 Nc5 21. Ncd5
Bxd5 22. Nxd5 Nxd5 23. Rxd5 Qb6 24. Rad1 Rad8 25. Qd2 Rxd5 26. exd5 Qd6 27. Qd4
Nd3 28. Be4 Nxb2 29. Qxb2 Rxe4 30. Qc3 Qe5 31. Qa5 c3 32. Kg2 c2 33. Qd8+ Kg7
34. Rc1 Re1 35. d6 Rxc1 36. d7 Rg1+ 0-1

[Event "España 1a División 2014"]
[Site "Linares ESP"]
[Date "2014.09.08"]
[Round "7.1"]
[White "Quintin Navarro, Alberto"]
[Black "Nieves Cabanes, Javier"]
[Result "1-0"]
[WhiteElo "2264"]
[BlackElo "2097"]
[PlyCount "83"]
[EventDate "2014.09.04"]
[EventType "team-tourn"]
[EventRounds "9"]
[EventCountry "ESP"]
[Source "lmi"]
[SourceDate "2014.09.04"]
[WhiteTeam "C.A. STADIUM CASABLANCA"]
[BlackTeam "C.A. EVA-MANISES"]

1. Nf3 c5 2. c4 Nc6 3. g3 e5 4. Nc3 g6 5. Bg2 Bg7 6. a3 Nge7 7. b4 d5 8. Nb5 d4
9. d3 O-O 10. O-O f5 11. bxc5 e4 12. Ng5 h6 13. Nh3 g5 14. Nd6 exd3 15. exd3 f4
16. Qh5 Be6 17. Be4 Ne5 18. Nxg5 Bg4 19. Qxg4 Nxg4 20. Bh7+ Kh8 21. Ndf7+ Rxf7
22. Nxf7+ Kxh7 23. Nxd8 Rxd8 24. Bxf4 Ng6 25. Bd6 Be5 26. Rab1 Rd7 27. h3 Bxd6
28. cxd6 N4e5 29. c5 Nf8 30. Rbd1 Rd8 31. Rb1 Rd7 32. Rfd1 Nc6 33. f4 Ne6 34.
Rbc1 Rg7 35. Kf2 Nxf4 36. gxf4 Kg6 37. Kg3 Kf6+ 38. Kh4 Rg8 39. Rc2 Rc8 40. Re1
Nd8 41. Kh5 Rxc5+ 42. Rxc5 1-0

[Event "España 1a División 2014"]
[Site "Linares ESP"]
[Date "2014.09.08"]
[Round "7.2"]
[White "Garcia Castro, Pablo"]
[Black "Rusev, Krasimir"]
[Result "0-1"]
[WhiteElo "2386"]
[BlackElo "2538"]
[PlyCount "65"]
[EventDate "2014.09.04"]
[EventType "team-tourn"]
[EventRounds "9"]
[EventCountry "ESP"]
[Source "lmi"]
[SourceDate "2014.09.04"]
[WhiteTeam "C.A. UNIVERSIDAD DE VIGO"]
[BlackTeam "C.A. SILLA – LOPEZ INSTALACIONES"]

1. Nf3 d5 2. g3 c6 3. Bg2 Bg4 4. O-O Nd7 5. d4 e6 6. Nbd2 Bd6 7. e4 Ne7 8. c3
O-O 9. h3 Bh5 10. e5 Bc7 11. Nb3 h6 12. Bd2 Bb6 13. a4 a6 14. a5 Ba7 15. Nc1 c5
16. Ne2 Nc6 17. Qa4 Rc8 18. Be3 Bg6 19. Ne1 cxd4 20. cxd4 Qe7 21. Ra3 b6 22.
axb6 Nxb6 23. Qxa6 Nc4 24. Rb3 N6a5 25. Rc3 Rb8 26. Rxc4 Nxc4 27. Nf4 Bh7 28.
Qa1 Rb3 29. Qd1 Rxe3 30. fxe3 Nxe3 31. Qd2 Nxf1 32. Kxf1 Ra8 33. Qd1 0-1

[Event "España 1a División 2014"]
[Site "Linares ESP"]
[Date "2014.09.08"]
[Round "7.2"]
[White "Genov, Petar"]
[Black "Guerra Bastida, Diego"]
[Result "1/2-1/2"]
[WhiteElo "2443"]
[BlackElo "2344"]
[PlyCount "60"]
[EventDate "2014.09.04"]
[EventType "team-tourn"]
[EventRounds "9"]
[EventCountry "ESP"]
[Source "lmi"]
[SourceDate "2014.09.04"]
[WhiteTeam "C.A. SILLA – LOPEZ INSTALACIONES"]
[BlackTeam "C.A. UNIVERSIDAD DE VIGO"]

1. Nf3 c5 2. b3 d5 3. Bb2 f6 4. e3 e5 5. Bb5+ Bd7 6. Bxd7+ Qxd7 7. O-O Nc6 8.
d3 O-O-O 9. Qe2 Nge7 10. a3 g5 11. b4 g4 12. Nfd2 Ng6 13. bxc5 Bxc5 14. d4 exd4
15. Nb3 Bb6 16. Nxd4 Nxd4 17. Bxd4 Bxd4 18. exd4 Kb8 19. Nc3 Rc8 20. Qd3 Ka8
21. Rfe1 f5 22. Rab1 f4 23. Rb3 Rhe8 24. Rbb1 Rxe1+ 25. Rxe1 Qc6 26. Nd1 a6 27.
c3 Re8 28. Kf1 Rxe1+ 29. Kxe1 Qe6+ 30. Kd2 Ka7 1/2-1/2

[Event "España 1a División 2014"]
[Site "Linares ESP"]
[Date "2014.09.08"]
[Round "7.2"]
[White "Senlle Caride, Miguel"]
[Black "Granero Roca, Antonio"]
[Result "1/2-1/2"]
[WhiteElo "2324"]
[BlackElo "2426"]
[PlyCount "92"]
[EventDate "2014.09.04"]
[EventType "team-tourn"]
[EventRounds "9"]
[EventCountry "ESP"]
[Source "lmi"]
[SourceDate "2014.09.04"]
[WhiteTeam "C.A. UNIVERSIDAD DE VIGO"]
[BlackTeam "C.A. SILLA – LOPEZ INSTALACIONES"]

1. e4 c5 2. Nf3 Nc6 3. Nc3 g6 4. d4 cxd4 5. Nxd4 Bg7 6. Nb3 Nf6 7. Be2 O-O 8.
O-O d6 9. Re1 Be6 10. Bg5 Rc8 11. Bf1 h6 12. Bh4 Ne5 13. Nd5 Bxd5 14. exd5 Nc4
15. Bxc4 Rxc4 16. Bxf6 Bxf6 17. c3 b5 18. Nd2 Rc7 19. Nb3 Rc4 20. Nd2 Rc8 21.
Ne4 Bg7 22. a4 b4 23. cxb4 Bxb2 24. Rb1 Bg7 25. Qd3 Qd7 26. b5 f5 27. Nd2 Rc3
28. Qe2 Bf6 29. Nb3 Rfc8 30. Na5 Rc2 31. Qe3 Bg5 32. Qe6+ Qxe6 33. Rxe6 R8c3
34. Nc6 Ra3 35. Nxe7+ Kf7 36. Nc6 Rxa4 37. Rxd6 Raa2 38. Rd7+ Kf8 39. Rxa7 Rab2
40. Raa1 Rxf2 41. Rxb2 Rxb2 42. Rd1 Rxb5 43. d6 Rc5 44. Nb4 Ke8 45. d7+ Kd8 46.
Ra1 Rb5 1/2-1/2

[Event "España 1a División 2014"]
[Site "Linares ESP"]
[Date "2014.09.08"]
[Round "7.2"]
[White "Cano Sanchez, Josue"]
[Black "Rodriguez Lopez, Rafael"]
[Result "1-0"]
[WhiteElo "2367"]
[BlackElo "2259"]
[PlyCount "66"]
[EventDate "2014.09.04"]
[EventType "team-tourn"]
[EventRounds "9"]
[EventCountry "ESP"]
[Source "lmi"]
[SourceDate "2014.09.04"]
[WhiteTeam "C.A. SILLA – LOPEZ INSTALACIONES"]
[BlackTeam "C.A. UNIVERSIDAD DE VIGO"]

1. Nf3 Nf6 2. g3 g6 3. Bg2 Bg7 4. O-O O-O 5. d3 d5 6. Nbd2 d4 7. e4 dxe3 8.
fxe3 c5 9. e4 Nc6 10. Nc4 Be6 11. Ne3 Ng4 12. c3 Qd7 13. Qe2 Nge5 14. Nxe5 Bxe5
15. Nd5 Bg7 16. Bg5 Bg4 17. Qe3 b6 18. Rae1 Rae8 19. Bh6 Bh3 20. Bxg7 Kxg7 21.
Bxh3 Qxh3 22. Rf4 g5 23. Rf5 f6 24. Nc7 Kg6 25. Nxe8 Rxe8 26. d4 cxd4 27. cxd4
Rd8 28. Rd5 Rc8 29. Qf3 e6 30. Rf1 Rf8 31. Rd6 Na5 32. d5 Kg7 33. Qd1 Rh8 1-0

[Event "España 1a División 2014"]
[Site "Linares ESP"]
[Date "2014.09.09"]
[Round "8.1"]
[White "Anton Guijarro, David"]
[Black "Rusev, Krasimir"]
[Result "1-0"]
[WhiteElo "2609"]
[BlackElo "2538"]
[PlyCount "95"]
[EventDate "2014.09.04"]
[EventType "team-tourn"]
[EventRounds "9"]
[EventCountry "ESP"]
[Source "lmi"]
[SourceDate "2014.09.04"]
[WhiteTeam "VTI ATOCHA"]
[BlackTeam "C.A. SILLA – LOPEZ INSTALACIONES"]

1. Nf3 d5 2. c4 c6 3. e3 Nf6 4. Nc3 a6 5. d4 e6 6. a3 Nbd7 7. cxd5 cxd5 8. Bd3
b6 9. O-O Bb7 10. b3 Bd6 11. Bb2 O-O 12. Ne2 Qe7 13. h3 Ne4 14. Ne5 f6 15. Nxd7
Qxd7 16. f3 Ng5 17. h4 Nf7 18. Qb1 g6 19. Bc3 Qe7 20. Qe1 a5 21. b4 axb4 22.
Bxb4 Ba6 23. Bxa6 Rxa6 24. Nf4 Ra4 25. Rc1 Qd7 26. Qc3 Bxb4 27. axb4 e5 28. Nd3
Re8 29. Qc6 Qxc6 30. Rxc6 Ra3 31. Rd1 Nd8 32. Rc8 exd4 33. exd4 Kf7 34. Nf4 Ra2
35. Nxd5 g5 36. hxg5 fxg5 37. Nc3 Rc2 38. d5 Re3 39. Rxd8 Rcxc3 40. Kf2 Red3
41. Rh1 Ke7 42. Rb8 Rxd5 43. Rxb6 Rd7 44. Rxh7+ Kd8 45. Rxd7+ Kxd7 46. Rg6 Rb3
47. Rxg5 Rxb4 48. Re5 1-0

[Event "España 1a División 2014"]
[Site "Linares ESP"]
[Date "2014.09.09"]
[Round "8.1"]
[White "Genov, Petar"]
[Black "Almagro Llamas, Pablo"]
[Result "1-0"]
[WhiteElo "2443"]
[BlackElo "2491"]
[PlyCount "101"]
[EventDate "2014.09.04"]
[EventType "team-tourn"]
[EventRounds "9"]
[EventCountry "ESP"]
[Source "lmi"]
[SourceDate "2014.09.04"]
[WhiteTeam "C.A. SILLA – LOPEZ INSTALACIONES"]
[BlackTeam "VTI ATOCHA"]

1. d4 Nf6 2. c4 e6 3. Nf3 b6 4. Nc3 Bb4 5. Qc2 Bb7 6. a3 Bxc3+ 7. Qxc3 Ne4 8.
Qc2 f5 9. g3 Nf6 10. Bg2 Be4 11. Qc3 O-O 12. O-O Qe7 13. b3 d6 14. Bb2 Nbd7 15.
Rfe1 a5 16. Bf1 a4 17. b4 b5 18. Nd2 Bb7 19. cxb5 Nb6 20. Rac1 Rf7 21. Qd3 Raf8
22. f3 h5 23. Bg2 h4 24. e4 fxe4 25. fxe4 Ng4 26. Rf1 Qg5 27. Rxf7 Rxf7 28. Rf1
hxg3 29. hxg3 Rxf1+ 30. Nxf1 d5 31. Qc2 Nc4 32. Bc1 Qf6 33. e5 Qf5 34. Qe2 Nh6
35. Bxh6 gxh6 36. Qd1 Nb2 37. Qc1 Nc4 38. Qxh6 Bc8 39. Bh3 Qf7 40. Nh2 Nxa3 41.
Ng4 Qg7 42. Nf6+ Kf8 43. Qf4 Ke7 44. Qh4 Kf8 45. Nh5 Qe7 46. Qf4+ Ke8 47. Nf6+
Kd8 48. Qg4 Bd7 49. Qg8+ Be8 50. Bxe6 Nxb5 51. Nxd5 1-0

[Event "España 1a División 2014"]
[Site "Linares ESP"]
[Date "2014.09.09"]
[Round "8.1"]
[White "Rubio Mejia, Luis Ignacio"]
[Black "Granero Roca, Antonio"]
[Result "1/2-1/2"]
[WhiteElo "2470"]
[BlackElo "2426"]
[PlyCount "66"]
[EventDate "2014.09.04"]
[EventType "team-tourn"]
[EventRounds "9"]
[EventCountry "ESP"]
[Source "lmi"]
[SourceDate "2014.09.04"]
[WhiteTeam "VTI ATOCHA"]
[BlackTeam "C.A. SILLA – LOPEZ INSTALACIONES"]

1. d4 Nf6 2. c4 g6 3. Nc3 Bg7 4. e4 d6 5. Nf3 O-O 6. Be2 Bg4 7. Be3 Nfd7 8. Rc1
c5 9. d5 Na6 10. O-O Nc7 11. h3 Bxf3 12. Bxf3 a6 13. a4 Qb8 14. Be2 e6 15. Qd2
exd5 16. exd5 Re8 17. Rb1 a5 18. Rbe1 Qd8 19. g4 Qe7 20. Kg2 Qf8 21. f4 f5 22.
gxf5 gxf5 23. Bh5 Re7 24. Bf2 Rxe1 25. Rxe1 Nf6 26. Bd1 Bh6 27. Qd3 Nd7 28. Bg3
Re8 29. Rxe8 Nxe8 30. Nb5 Ng7 31. Qc3 b6 32. Qd3 Nf6 33. Bf3 Nfh5 1/2-1/2